00397nam a2200109Ia 4500008004100000082001500041245009000056300001700146942000700163999001900170952009800189230907s9999||||xx |||||||||||||| ||und|| a333.79,INT 0aInternational congress on energy efficiency and energy related materials (ENEFM2013). axxvi, 782p.: cBK c597493d597493 00104070aCAS-EbCAS-Ed2018-04-18l0o333.79,INTpCAS-E0001592r2023-09-12w2023-09-12yBK